DIASPORA & returns in fiction

Guardat en:
Dades bibliogràfiques
Autor principal: edited by EMENYONU Ernest N.
Format: Llibre
Idioma:anglès
Publicat: James Currey 2016
Etiquetes: Afegir etiqueta
Sense etiquetes, Sigues el primer a etiquetar aquest registre!

MARC

LEADER 00000nam a22000007a 4500
008 210412b ||||| |||| 00| 0 eng d
020 |a 978-1-84701-149-7 
100 |a edited by EMENYONU Ernest N.  
245 |a DIASPORA & returns in fiction  |c edited by Ernest N. Emenyonu  |e African literature today; 34  |g xii, 255p. 
250 |c edited by EMENYONU Ernest N.  
260 |b James Currey  |c 2016  |h New York  |i 694242   |i 694243  |l PL8010 .D54  |m African literature – History and criticism  |m Emigration and immigration in literature.  |m Return migration in literature 
500 |a “It includes references” 
942 |a lcc  |c BK  |e YUNUSA, A.A.  |f 12/04/21 
952 |0 0  |1 0  |2 lcc  |4 0  |6 PL8010 D54  |7 0  |9 2100  |a HOL  |b ART  |c LP  |d 2021-04-12  |l 0  |o PL8010 .D54  |p 2021-5956  |r 2021-04-12 00:00:00  |w 2021-04-12  |y BK 
952 |0 0  |1 0  |2 lcc  |4 0  |6 PL8010 D54  |7 0  |9 2101  |a HOL  |b HOL  |c LP  |d 2021-04-12  |l 0  |o PL8010 .D54  |p 2021-5957  |r 2021-04-12 00:00:00  |w 2021-04-12  |y BK 
999 |c 1090  |d 1090